| 000 | 00377nam a2200133 i 4500 | ||
|---|---|---|---|
| 001 | bg | ||
| 245 | 0 |
_aEksperimentalnye issledovanija v oblasti fiziki oblakov i aktivnych vozdejstvij / _cpod red. E.L. Aleksandrova i E.K. Gargera. |
|
| 260 |
_aMoskva, _c1972. |
||
| 040 | _cBPK | ||
| 041 | _apol | ||
| 080 | _a551.5 | ||
| 942 | _cKS | ||
| 008 | s pl f |000 0 pol | ||
| 999 |
_c15280 _d15280 |
||
| 856 |
_uhttp://koha.tu.koszalin.pl/cgi-bin/koha/opac-detail.pl?biblionumber=15280 _yKatalog online BPK |
||